Picture Quiz: British Film Actors #2 - Statistics

General Stats
  • This quiz has been taken 206 times
  • The average score is 11 of 20
Answer Stats
Picture Answer % Correct
Sean Connery
96%
Michael Caine
91%
Daniel Craig
86%
Robbie Coltrane
79%
Bob Hoskins
69%
Daniel Day-Lewis
63%
Ewan McGregor
61%
Terry Thomas
57%
John Mills
55%
Bernard Cribbins
54%
Ray Winstone
53%
Christopher Eccleston
52%
Dirk Bogarde
52%
Leonard Rossiter
46%
James Robertson Justice
36%
Hywel Bennett
35%
Wilfred Hyde-White
28%
Michael Hordern
27%
Stanley Holloway
24%
Murray Melvin
7%
No matching quizzes found
Score Distribution
Percent of People with Each Score
Percentile by Number Answered
Your Score History
You have not taken this quiz